000
00322nam a2200145Ia 4500
100
_a
Wagolikar/K.S/ Mandke/ P.V
942
_c
BK
654
_a
Engg. Drawing
245
_a
Engineering Drawing
260
_b
Nirali prakashan
_a
Pune
_c
1984
082
_a
604.2
_b
Wag/Man
300
_a
283
546
_a
ENGLISH
999
_c
29517
_d
29517